| 000 | 00526nam a2200169Ia 4500 | ||
|---|---|---|---|
| 008 | 090201s9999 xx 000 0 und d | ||
| 010 | _aKPL-49296 | ||
| 040 | _bमराठी | ||
| 041 | _aमराठी | ||
| 082 |
_a11753 _b49296 |
||
| 100 | _aराजंेद्र माने | ||
| 245 |
_aवहीनी साहेब _cराजंेद्र माने |
||
| 260 |
_c2004 _bसु.करंदीकर |
||
| 300 |
_a206 _bमोठा |
||
| 600 | _aवहीनी साहेब | ||
| 942 | _cBOOK | ||
| 999 |
_c212134 _d212134 |
||